[Event "Lloyds Bank Masters 18th"]
[Site "London"]
[Date "1994.08.21"]
[Round "2"]
[White "Ragozin, Evgeni"]
[Black "Povah, Nigel E"]
[Result "1-0"]
[WhiteElo "2510"]
[BlackElo "2370"]
[PlyCount "113"]
[EventDate "1994.08.20"]
[EventType "swiss"]
[EventRounds "10"]
[EventCountry "ENG"]
[SourceTitle "BritBase"]

1. c4 e5 2. g3 Nf6 3. Bg2 c6 4. d4 e4 5. Nc3 d5 6. cxd5 cxd5 7. Bg5 Bb4 8. Rc1
O-O 9. Nh3 Nbd7 10. Qb3 Bxc3+ 11. Rxc3 h6 12. Bf4 Qb6 13. Qxb6 Nxb6 14. b3 Bd7
15. Kd2 Rfc8 16. Rc5 Bc6 17. f3 exf3 18. exf3 Re8 19. Rhc1 Re6 20. g4 g5 21.
Bg3 Nbd7 22. R5c3 Bb5 23. Re1 Rxe1 24. Bxe1 Re8 25. Re3 Re6 26. Rxe6 fxe6 27.
Bg3 Kf7 28. Nf2 Ng8 29. h4 Ne7 30. h5 Nc6 31. Kc3 Be2 32. Nd3 Kf6 33. Bd6 b6
34. Nc1 Bb5 35. f4 Nd8 36. fxg5+ hxg5 37. Bf3 Nf7 38. Bc7 Bf1 39. a4 a5 40. Kc2
Ke7 41. Kd2 Nh6 42. Nd3 Nf7 43. Nf2 Kf6 44. Ke1 Ba6 45. Bd1 Kg7 46. Bc2 Nh6 47.
Bg6 b5 48. Bd3 bxa4 49. Bxa6 axb3 50. Kd2 Nf6 51. Be2 a4 52. Kc3 Nf7 53. Bb5
Ne4+ 54. Nxe4 dxe4 55. Bxa4 Nh6 56. Bxb3 Kf7 57. Bd1 1-0

[Event "Lloyds Bank Masters 18th"]
[Site "London"]
[Date "1994.08.21"]
[Round "2"]
[White "Regan, Natasha"]
[Black "Holm, Magnus"]
[Result "1/2-1/2"]
[WhiteElo "2115"]
[BlackElo "2240"]
[PlyCount "42"]
[EventDate "1994.08.20"]
[EventType "swiss"]
[EventRounds "10"]
[EventCountry "ENG"]
[SourceTitle "BritBase"]

1. e4 c5 2. d4 cxd4 3. c3 dxc3 4. Nxc3 Nc6 5. Nf3 d6 6. Bc4 e6 7. O-O Be7 8.
Qe2 a6 9. Rd1 Bd7 10. Bf4 e5 11. Be3 Nf6 12. Rd2 O-O 13. Rad1 h6 14. Nh4 Na5
15. Ng6 Nxc4 16. Qxc4 Be6 17. Nxe7+ Qxe7 18. Qb4 Rac8 19. Rxd6 Rc4 20. Qb6 Rfc8
21. f3 R4c6 1/2-1/2

[Event "Lloyds Bank Masters 18th"]
[Site "London"]
[Date "1994.08.21"]
[Round "2"]
[White "Saunders, John C"]
[Black "Norwood, David"]
[Result "0-1"]
[WhiteElo "2225"]
[BlackElo "2545"]
[PlyCount "54"]
[EventDate "1994.08.20"]
[EventType "swiss"]
[EventRounds "10"]
[EventCountry "ENG"]
[SourceTitle "BritBase"]

1. e4 g6 2. d4 d6 3. Nc3 c6 4. Be3 Bg7 5. Qd2 Nd7 6. O-O-O b5 7. h3 Nb6 8. f4
Nf6 9. Bd3 Rb8 10. b3 a5 11. g4 a4 12. f5 Qc7 13. Nf3 axb3 14. cxb3 O-O 15. Bh6
Qa7 16. Bxg7 Kxg7 17. Nb1 Bd7 18. Rdf1 c5 19. e5 Nfd5 20. dxc5 Rfc8 21. f6+
exf6 22. exf6+ Nxf6 23. Qb2 Rxc5+ 24. Kd2 Nc4+ 25. Bxc4 bxc4 26. Kd1 cxb3 27.
axb3 Rxb3 0-1

[Event "Lloyds Bank Masters 18th"]
[Site "London"]
[Date "1994.08.21"]
[Round "2"]
[White "Szekely, Peter"]
[Black "Saritha, M Reddy"]
[Result "1-0"]
[WhiteElo "2490"]
[BlackElo "2110"]
[PlyCount "79"]
[EventDate "1994.08.20"]
[EventType "swiss"]
[EventRounds "10"]
[EventCountry "ENG"]
[SourceTitle "BritBase"]

1. Nf3 f5 2. g3 Nf6 3. Bg2 g6 4. O-O Bg7 5. d4 O-O 6. Nbd2 d6 7. Re1 Ne4 8.
Nxe4 fxe4 9. Ng5 d5 10. f3 c6 11. fxe4 h6 12. Nh3 dxe4 13. c3 Kh7 14. Nf2 e5
15. e3 Bf5 16. Nxe4 Na6 17. Nf2 Be6 18. b3 Qd7 19. Ba3 Rfd8 20. Qe2 Rac8 21.
Rad1 Qc7 22. Bb2 Qa5 23. Ba1 Rd7 24. Nd3 Rcd8 25. Rf1 h5 26. Nf2 Bf5 27. Rde1
Re7 28. b4 Qc7 29. b5 cxb5 30. Qxb5 Bd7 31. Qb1 Bc6 32. Ne4 Rde8 33. Nf6+ Bxf6
34. Rxf6 Rg7 35. d5 Qd8 36. Rf2 Bxd5 37. Rd1 Rd7 38. Bxd5 Nc5 39. c4 a6 40.
Rdf1 1-0

[Event "Lloyds Bank Masters 18th"]
[Site "London"]
[Date "1994.08.21"]
[Round "2"]
[White "Thiel, Thomas"]
[Black "Thipsay, Praveen Mahadeo"]
[Result "1/2-1/2"]
[WhiteElo "2320"]
[BlackElo "2505"]
[PlyCount "55"]
[EventDate "1994.08.20"]
[EventType "swiss"]
[EventRounds "10"]
[EventCountry "ENG"]
[SourceTitle "BritBase"]

1. e4 e5 2. Nf3 Nc6 3. d4 exd4 4. Nxd4 Nf6 5. Nxc6 bxc6 6. e5 Qe7 7. Qe2 Nd5 8.
Nd2 f6 9. exf6 Nxf6 10. Nb3 d6 11. Be3 Nd5 12. O-O-O Nxe3 13. Re1 g6 14. Qf3
Bd7 15. Qf4 Bg7 16. Rxe3 Be5 17. Qh6 Rf8 18. g3 Rxf2 19. Bd3 Bf5 20. Rhe1 Qf6
21. Nc5 Bxd3 22. Nxd3 Rf1 23. Qxh7 Rxe1+ 24. Rxe1 O-O-O 25. Qh3+ Kb7 26. Qf1
Qxf1 27. Rxf1 Bd4 28. c3 1/2-1/2

[Event "Lloyds Bank Masters 18th"]
[Site "London"]
[Date "1994.08.21"]
[Round "2"]
[White "Trifunovic, Aleksandar"]
[Black "King, Daniel J"]
[Result "0-1"]
[WhiteElo "2225"]
[BlackElo "2495"]
[PlyCount "98"]
[EventDate "1994.08.20"]
[EventType "swiss"]
[EventRounds "10"]
[EventCountry "ENG"]
[SourceTitle "BritBase"]

1. d4 g6 2. Nf3 Bg7 3. g3 Nf6 4. Bg2 O-O 5. O-O d6 6. c4 c6 7. Nc3 Bf5 8. Ne1
Qd7 9. e4 Bh3 10. f3 Na6 11. Be3 Bxg2 12. Kxg2 b5 13. cxb5 cxb5 14. Nd3 Rab8
15. Qd2 Rfc8 16. Rfc1 e6 17. Ne2 Qd8 18. Rxc8 Rxc8 19. a4 b4 20. Rc1 b3 21. Qd1
Rb8 22. Rc3 d5 23. e5 Nd7 24. Rxb3 Nb6 25. Rc3 Nc4 26. Bc1 Qb6 27. b3 Na5 28.
Ba3 Bf8 29. Nc5 Bxc5 30. dxc5 Qc7 31. f4 Nc6 32. Nd4 Nab4 33. Nb5 Qa5 34. Bxb4
Qxb4 35. Qd3 Kg7 36. Kh3 a6 37. Nc7 d4 38. Rc2 Qxb3 39. Qxb3 Rxb3 40. Nxa6 Rb7
41. Kg2 Ra7 42. Rb2 Rxa6 43. Rb6 Rxb6 44. cxb6 Kf8 45. b7 Ke7 46. a5 Kd7 47.
Kf3 Kc7 48. a6 Kb6 49. Ke4 Kxa6 0-1

[Event "Lloyds Bank Masters 18th"]
[Site "London"]
[Date "1994.08.21"]
[Round "2"]
[White "Turner, Matthew"]
[Black "Davies, Nigel R"]
[Result "1/2-1/2"]
[WhiteElo "2395"]
[BlackElo "2510"]
[PlyCount "84"]
[EventDate "1994.08.20"]
[EventType "swiss"]
[EventRounds "10"]
[EventCountry "ENG"]
[SourceTitle "BritBase"]

1. e4 e5 2. Nc3 Nf6 3. f4 d5 4. fxe5 Nxe4 5. Nf3 Be7 6. d4 c5 7. Bd3 Qa5 8. O-O
Nxc3 9. bxc3 c4 10. Be2 Qxc3 11. Bd2 Qa3 12. Ng5 Nc6 13. Bh5 g6 14. Nxf7 Rf8
15. Nd6+ Bxd6 16. exd6 Bf5 17. Rb1 O-O-O 18. Bh6 Rf7 19. Rxf5 Rxf5 20. Bg4 Qc3
21. Bg7 Rd7 22. Bh8 Rd8 23. Bg7 Rg8 24. Bf6 Rf8 25. Bg7 R8f7 26. Bh8 Qe3+ 27.
Kh1 h5 28. Bxf5+ Rxf5 29. d7+ Kc7 30. Be5+ Nxe5 31. dxe5 Rxe5 32. h3 Kxd7 33.
Rxb7+ Kc6 34. Rb1 Rf5 35. c3 Kd6 36. Qa4 Qe4 37. Qa3+ Ke6 38. Qa6+ Ke5 39. Qb7
Rf2 40. Qe7+ Kf5 41. Qf8+ Kg5 42. Qd8+ Kh6 1/2-1/2

[Event "Lloyds Bank Masters 18th"]
[Site "London"]
[Date "1994.08.21"]
[Round "2"]
[White "Wells, Peter K"]
[Black "Quinn, Mark"]
[Result "1/2-1/2"]
[WhiteElo "2490"]
[BlackElo "2305"]
[PlyCount "44"]
[EventDate "1994.08.20"]
[EventType "swiss"]
[EventRounds "10"]
[EventCountry "ENG"]
[SourceTitle "BritBase"]

1. d4 Nf6 2. c4 e6 3. Nf3 c5 4. d5 d6 5. Nc3 exd5 6. cxd5 g6 7. h3 Bg7 8. e4
O-O 9. Bd3 Bd7 10. O-O b5 11. a3 c4 12. Bc2 a5 13. Nd4 Qb6 14. Be3 Qb7 15. a4
b4 16. Ncb5 Ra6 17. Rc1 Re8 18. Qf3 Bxb5 19. axb5 Rb6 20. Nc6 Rxb5 21. Nxb8
Qxb8 22. Ba4 Rxe4 1/2-1/2

[Event "Lloyds Bank Masters 18th"]
[Site "London"]
[Date "1994.08.21"]
[Round "2"]
[White "Bartels, Hans A"]
[Black "Thurlow, Kevin J"]
[Result "1-0"]
[WhiteElo "2335"]
[BlackElo "2080"]
[PlyCount "69"]
[EventDate "1994.08.20"]
[EventType "swiss"]
[EventRounds "10"]
[EventCountry "ENG"]
[SourceTitle "Thurlow, Kevin"]

1. c4 Nf6 2. Nc3 e5 3. Nf3 Nc6 4. g3 d5 5. cxd5 Nxd5 6. Bg2 Be6 7. O-O Be7 8.
d4 exd4 9. Nb5 d3 10. Qxd3 Ncb4 11. Qe4 c6 12. Nbd4 Nf6 13. Qe5 Ng4 14. Qxg7
Bf6 15. Nxe6 Bxg7 16. Nxd8 Rxd8 17. Bg5 Rd5 18. e4 Rd7 19. Bh3 h5 20. Nh4 Rd3
21. Rad1 c5 22. a3 Rxd1 23. Rxd1 Nc6 24. b4 Bd4 25. Bxg4 hxg4 26. Bf4 cxb4 27.
axb4 Bc3 28. b5 Nd4 29. Be5 Ne2+ 30. Kf1 Rh5 31. Nf5 Bxe5 32. Kxe2 Rxh2 33. Ne3
Rh5 34. Nxg4 Ke7 35. Rd5 1-0

[Event "Lloyds Bank Masters 18th"]
[Site "London"]
[Date "1994.08.22"]
[Round "3"]
[White "Adianto, Utut"]
[Black "Zilberman, Yaacov"]
[Result "1-0"]
[WhiteElo "2520"]
[BlackElo "2460"]
[PlyCount "97"]
[EventDate "1994.08.20"]
[EventType "swiss"]
[EventRounds "10"]
[EventCountry "ENG"]
[SourceTitle "BritBase"]

1. d4 Nf6 2. c4 c5 3. d5 e5 4. Nc3 d6 5. e4 g6 6. Be2 a6 7. Nf3 Nbd7 8. O-O Rb8
9. Qc2 h5 10. Rb1 Be7 11. b4 cxb4 12. Rxb4 Kf8 13. Ne1 Kg7 14. Nd3 Qc7 15. f4
exf4 16. Bxf4 Ne5 17. Be3 Nfd7 18. Kh1 Bf6 19. Rxf6 Kxf6 20. Nxe5 Nxe5 21. c5
Kg7 22. cxd6 Qxd6 23. Rb6 Qd8 24. Bd4 Re8 25. Bxa6 Bd7 26. Bf1 Kg8 27. Qd2 Rc8
28. Rb1 b5 29. Nxb5 Rb8 30. a4 Qh4 31. Re1 Ng4 32. g3 Qd8 33. Nd6 Re7 34. h3
Bxa4 35. Nc4 Rxe4 36. Rxe4 Qxd5 37. Bg2 Rb1+ 38. Bg1 Qxd2 39. Nxd2 Nf2+ 40. Kh2
Nxe4 41. Nxb1 Bc2 42. Na3 Bd3 43. Bd4 Kf8 44. Nc4 Ke7 45. Ne5 Bc2 46. Bf1 Nd2
47. Be2 f6 48. Bc3 Nb3 49. Nc6+ 1-0

[Event "Lloyds Bank Masters 18th"]
[Site "London"]
[Date "1994.08.22"]
[Round "3"]
[White "Anderton, Matthew"]
[Black "Martin, Benjamin"]
[Result "0-1"]
[WhiteElo "2170"]
[BlackElo "2355"]
[PlyCount "48"]
[EventDate "1994.08.20"]
[EventType "swiss"]
[EventRounds "10"]
[EventCountry "ENG"]
[SourceTitle "BritBase"]

1. e4 e6 2. d4 d5 3. Nd2 Nf6 4. e5 Nfd7 5. Bd3 c5 6. c3 Nc6 7. Ngf3 Qb6 8. O-O
cxd4 9. cxd4 f6 10. Re1 Be7 11. Nb3 O-O 12. exf6 Nxf6 13. Bg5 a5 14. Rc1 Bb4
15. Re2 a4 16. Nc5 Nxd4 17. Nxd4 Bxc5 18. Bxf6 Rxf6 19. Rec2 Bxd4 20. Rxc8+ Rf8
21. R8c7 Bxf2+ 22. Kh1 Be3 23. Qh5 Bh6 24. Re7 Qe3 0-1

[Event "Lloyds Bank Masters 18th"]
[Site "London"]
[Date "1994.08.22"]
[Round "3"]
[White "Arkell, Keith C"]
[Black "Williams, Simon Kim"]
[Result "1-0"]
[WhiteElo "2470"]
[BlackElo "2185"]
[PlyCount "125"]
[EventDate "1994.08.20"]
[EventType "swiss"]
[EventRounds "10"]
[EventCountry "ENG"]
[SourceTitle "BritBase"]

1. d4 e6 2. c4 f5 3. g3 Nf6 4. Bg2 Be7 5. Nf3 d6 6. Nc3 O-O 7. O-O a5 8. Re1
Ne4 9. Qc2 Nc6 10. Bd2 Nb4 11. Qc1 e5 12. Nxe4 fxe4 13. Ng5 e3 14. Bxe3 exd4
15. Bd2 d3 16. Bxb4 Bxg5 17. Bd2 Bxd2 18. Qxd2 dxe2 19. Rxe2 Bg4 20. Bxb7 Rb8
21. Bd5+ Kh8 22. Re4 Bf5 23. Re3 Qf6 24. Rb3 Bh3 25. Re1 a4 26. Rf3 Qg6 27.
Rxf8+ Rxf8 28. Bg2 Bxg2 29. Kxg2 h5 30. h4 Re8 31. Qg5 Qf7 32. Rxe8+ Qxe8 33.
Qd5 g6 34. c5 Qb5 35. Qd4+ Kh7 36. cxd6 Qc6+ 37. Kg1 cxd6 38. b3 Qc1+ 39. Kg2
Qc6+ 40. Kh2 axb3 41. axb3 Qb5 42. b4 d5 43. Kg2 Qd7 44. Kf3 Qf5+ 45. Ke3 Qb1
46. Qc3 Qe4+ 47. Kd2 d4 48. Qc7+ Kg8 49. Qd8+ Kh7 50. Qd7+ Kg8 51. Qc8+ Kh7 52.
Qc7+ Kg8 53. Qc4+ Kh7 54. Qf7+ Kh8 55. Qf4 Qd5 56. Qh6+ Kg8 57. Qxg6+ Kf8 58.
Qf6+ Ke8 59. Qa6 Ke7 60. Qa5 Qe4 61. Qg5+ Ke6 62. Qxh5 d3 63. Qe8+ 1-0

[Event "Lloyds Bank Masters 18th"]
[Site "London"]
[Date "1994.08.22"]
[Round "3"]
[White "Basman, Michael John"]
[Black "Gurevich, Dmitry"]
[Result "1/2-1/2"]
[WhiteElo "2375"]
[BlackElo "2535"]
[PlyCount "99"]
[EventDate "1994.08.20"]
[EventType "swiss"]
[EventRounds "10"]
[EventCountry "ENG"]
[SourceTitle "BritBase"]

1. h3 d5 2. a3 e5 3. d3 c5 4. g4 Nc6 5. Nf3 Nge7 6. Nc3 f6 7. Rg1 Be6 8. e4 Qd7
9. Nh4 dxe4 10. Nxe4 Ng6 11. Nxg6 hxg6 12. c3 O-O-O 13. Be3 b6 14. b4 f5 15.
Ng5 Bd5 16. gxf5 gxf5 17. Qa4 Nb8 18. Qc2 Qc7 19. b5 g6 20. c4 Bg8 21. Bg2 Be7
22. Bd2 Qd7 23. Bf1 Bf6 24. O-O-O Qe7 25. Nf3 Bf7 26. Re1 Rhe8 27. Nxe5 Bxe5
28. f4 Qd6 29. fxe5 Qd4 30. Rg2 Rxe5 31. Rxe5 Qa1+ 32. Qb1 Qxe5 33. Qb2 Rd4 34.
Re2 Qd6 35. Re1 Nd7 36. Bc3 Qg3 37. Kb1 Ne5 38. Rxe5 Qxe5 39. Qg2 Kb8 40. Qf3
Qe6 41. Bg2 Kc7 42. Qb7+ Kd8 43. Bd5 Qd7 44. Qxd7+ Kxd7 45. Bxf7 Rxd3 46. Kc2
Rxh3 47. Bxg6 Rh2+ 48. Kd3 Rh3+ 49. Kc2 Rh2+ 50. Kd3 1/2-1/2

[Event "Lloyds Bank Masters 18th"]
[Site "London"]
[Date "1994.08.22"]
[Round "3"]
[White "Bates, Richard"]
[Black "Purkiss, William"]
[Result "1-0"]
[WhiteElo "2285"]
[BlackElo "2160"]
[PlyCount "59"]
[EventDate "1994.08.20"]
[EventType "swiss"]
[EventRounds "10"]
[EventCountry "ENG"]
[SourceTitle "BritBase"]

1. d4 d5 2. c4 e6 3. Nc3 c5 4. cxd5 exd5 5. Nf3 Nc6 6. g3 Nf6 7. Bg2 Be7 8. O-O
O-O 9. dxc5 Bxc5 10. Bg5 d4 11. Bxf6 Qxf6 12. Nd5 Qd8 13. Nd2 Re8 14. Re1 Bg4
15. Rc1 Bd6 16. Nb3 Be5 17. Nc5 Rb8 18. Qd2 Be6 19. Nxe6 Rxe6 20. Red1 a5 21.
Bf3 g5 22. Qd3 h5 23. Qf5 Rh6 24. Rd3 Bg7 25. Be4 a4 26. Rc5 Kf8 27. Ra3 b5 28.
Kg2 Qd6 29. Rf3 Ne5 30. Rc8+ 1-0

[Event "Lloyds Bank Masters 18th"]
[Site "London"]
[Date "1994.08.22"]
[Round "3"]
[White "Brown, Simon D"]
[Black "Abd Mariam, John NT"]
[Result "1-0"]
[WhiteElo "2295"]
[BlackElo "2175"]
[PlyCount "79"]
[EventDate "1994.08.20"]
[EventType "swiss"]
[EventRounds "10"]
[EventCountry "ENG"]
[SourceTitle "BritBase"]

1. d4 g6 2. c4 Bg7 3. Nc3 d6 4. e4 Nc6 5. d5 Nd4 6. Be3 c5 7. dxc6 Nxc6 8. Be2
Nf6 9. h3 O-O 10. Nf3 Qa5 11. Nd2 Nd7 12. Rc1 Nc5 13. a3 Ne6 14. Nb3 Qd8 15.
O-O b6 16. f4 Nc5 17. Nd2 a5 18. Ndb1 Bd7 19. Bf3 Rb8 20. b3 Kh8 21. Rf2 Qe8
22. Nd5 f5 23. b4 axb4 24. axb4 Nxe4 25. Bxe4 fxe4 26. b5 Na5 27. Bxb6 Nb7 28.
Bd4 e5 29. fxe5 dxe5 30. Rxf8+ Qxf8 31. Be3 Nc5 32. Nbc3 Nd3 33. Ra1 Nf4 34.
Nxe4 Be6 35. b6 Qd8 36. Ra5 Bxd5 37. cxd5 Rxb6 38. d6 Rb2 39. d7 Rb7 40. Ra8
1-0

[Event "Lloyds Bank Masters 18th"]
[Site "London"]
[Date "1994.08.22"]
[Round "3"]
[White "Cobb, Charles"]
[Black "Poulton, James"]
[Result "1/2-1/2"]
[WhiteElo "2155"]
[BlackElo "2330"]
[PlyCount "92"]
[EventDate "1994.08.20"]
[EventType "swiss"]
[EventRounds "10"]
[EventCountry "ENG"]
[SourceTitle "BritBase"]

1. e4 e6 2. d4 d5 3. Nc3 Bb4 4. Nge2 dxe4 5. a3 Be7 6. Nxe4 Nc6 7. Bf4 Nf6 8.
Qd3 b6 9. O-O-O Bb7 10. N2c3 O-O 11. Be2 Qd7 12. d5 Nxd5 13. Nxd5 exd5 14. Qxd5
Qxd5 15. Rxd5 Nd8 16. Rd7 Re8 17. Bf3 Ne6 18. Be3 Rab8 19. Rdd1 f5 20. Nc3 Bxf3
21. gxf3 Rbd8 22. Ne2 Kf7 23. f4 Rxd1+ 24. Rxd1 Rd8 25. Rxd8 Bxd8 26. Kd2 Be7
27. b4 a6 28. Kd3 b5 29. Nd4 Nxd4 30. Bxd4 g6 31. Be5 c6 32. c4 Ke6 33. Bd4 Bd6
34. Be3 h6 35. Kd4 h5 36. h3 Be7 37. Kd3 Bf6 38. Bd4 Be7 39. Be3 Bf8 40. Bd4
Bd6 41. Be3 Kd7 42. Kd4 Bf8 43. Kd3 Bh6 44. Kc3 Kc7 45. Kd3 Kb7 46. Kc3 Kc7
1/2-1/2

[Event "Lloyds Bank Masters 18th"]
[Site "London"]
[Date "1994.08.22"]
[Round "3"]
[White "Cohen, Aron"]
[Black "Akesson, Ralf"]
[Result "0-1"]
[WhiteElo "2225"]
[BlackElo "2460"]
[PlyCount "88"]
[EventDate "1994.08.20"]
[EventType "swiss"]
[EventRounds "10"]
[EventCountry "ENG"]
[SourceTitle "BritBase"]

1. e4 c5 2. c3 d5 3. exd5 Qxd5 4. d4 e6 5. Nf3 Nf6 6. Na3 cxd4 7. Nb5 Qd8 8.
Nbxd4 Be7 9. Bd3 O-O 10. O-O b6 11. Bg5 Bb7 12. Qe2 Nbd7 13. Rad1 Nc5 14. Bb1
Qc7 15. Nb5 Qb8 16. Bxf6 Bxf6 17. b4 Na6 18. Nd6 Nc7 19. c4 Bxf3 20. Qxf3 a5
21. a3 Be7 22. Rd2 axb4 23. axb4 Bxd6 24. Rxd6 Nd5 25. c5 bxc5 26. bxc5 Ra5 27.
Rxd5 exd5 28. Qxd5 Qc7 29. Rc1 g6 30. h3 Rc8 31. Ba2 Qe7 32. Bb3 Raxc5 33. Rxc5
Rxc5 34. Qa8+ Kg7 35. Qa1+ Kh6 36. Qd1 Qf6 37. Qd2+ Kg7 38. g3 Rb5 39. Bd5 Rb2
40. Qe3 h5 41. Bg2 h4 42. g4 Rb1+ 43. Kh2 Qd6+ 44. f4 g5 0-1

[Event "Lloyds Bank Masters 18th"]
[Site "London"]
[Date "1994.08.22"]
[Round "3"]
[White "Connell, Blair"]
[Black "Regan, Natasha"]
[Result "1-0"]
[WhiteElo "2245"]
[BlackElo "2115"]
[PlyCount "73"]
[EventDate "1994.08.20"]
[EventType "swiss"]
[EventRounds "10"]
[EventCountry "ENG"]
[SourceTitle "BritBase"]

1. e4 Nf6 2. e5 Nd5 3. d4 d6 4. c4 Nb6 5. exd6 cxd6 6. d5 g6 7. Qd4 f6 8. b3 e5
9. Qc3 Na6 10. Bd3 Qe7 11. Bc2 Bg7 12. Bb2 Bd7 13. Ne2 f5 14. a4 Rc8 15. Qd2
O-O 16. Na3 Nc5 17. a5 Na8 18. b4 Na6 19. Bb3 b6 20. Nc2 N8c7 21. O-O f4 22. f3
g5 23. g4 e4 24. Bxg7 Qxg7 25. Ned4 exf3 26. axb6 axb6 27. Ne6 Bxe6 28. dxe6
Qe7 29. Nd4 d5 30. cxd5 Nxb4 31. Ra7 Qc5 32. Rc1 f2+ 33. Kf1 Qd6 34. e7 Rfe8
35. Nf5 Qe5 36. Raxc7 Rxc7 37. d6+ 1-0

[Event "Lloyds Bank Masters 18th"]
[Site "London"]
[Date "1994.08.22"]
[Round "3"]
[White "Davies, Nigel R"]
[Black "Thiel, Thomas"]
[Result "1-0"]
[WhiteElo "2510"]
[BlackElo "2320"]
[PlyCount "23"]
[EventDate "1994.08.20"]
[EventType "swiss"]
[EventRounds "10"]
[EventCountry "ENG"]
[SourceTitle "BritBase"]

1. c4 e5 2. g3 Nf6 3. Bg2 d5 4. cxd5 Nxd5 5. Nf3 Nc6 6. O-O Be7 7. d4 exd4 8.
Nxd4 Nxd4 9. Qxd4 Nb4 10. Qxg7 Bf6 11. Qh6 Nc2 12. Nc3 1-0

[Event "Lloyds Bank Masters 18th"]
[Site "London"]
[Date "1994.08.22"]
[Round "3"]
[White "De la Villa Garcia, Jesus Maria"]
[Black "Naylor, John"]
[Result "1-0"]
[WhiteElo "2490"]
[BlackElo "2235"]
[PlyCount "69"]
[EventDate "1994.08.20"]
[EventType "swiss"]
[EventRounds "10"]
[EventCountry "ENG"]
[SourceTitle "BritBase"]

1. e4 e5 2. Nf3 Nc6 3. Bb5 f5 4. Nc3 fxe4 5. Nxe4 Nf6 6. Qe2 d5 7. Nxf6+ gxf6
8. d4 Bg7 9. dxe5 O-O 10. e6 Ne5 11. Bf4 c6 12. Bd3 Nxd3+ 13. Qxd3 c5 14. O-O
Bxe6 15. c3 Qd7 16. Nh4 Rad8 17. Rad1 Rfe8 18. h3 Qf7 19. Nf5 Qg6 20. Nd6 Re7
21. Rfe1 Bf8 22. Rxe6 Qxd3 23. Rxd3 Rxe6 24. Rg3+ Bg7 25. Nf5 Rd7 26. Bh6 Re1+
27. Kh2 d4 28. cxd4 cxd4 29. Nxg7 d3 30. Nh5+ Kf7 31. Rg7+ Ke6 32. Nf4+ Kd6 33.
Nxd3 Rxg7 34. Nxe1 Re7 35. Bf8 1-0

[Event "Lloyds Bank Masters 18th"]
[Site "London"]
[Date "1994.08.22"]
[Round "3"]
[White "Donovan, Nigel"]
[Black "Kinsman, Andrew PH"]
[Result "0-1"]
[WhiteElo "2170"]
[BlackElo "2375"]
[PlyCount "62"]
[EventDate "1994.08.20"]
[EventType "swiss"]
[EventRounds "10"]
[EventCountry "ENG"]
[SourceTitle "BritBase"]

1. e4 e6 2. d4 d5 3. Nd2 Nf6 4. e5 Nfd7 5. Bd3 c5 6. c3 Nc6 7. Ne2 cxd4 8. cxd4
f6 9. exf6 Nxf6 10. O-O Bd6 11. Nf3 O-O 12. Bf4 Bxf4 13. Nxf4 Ne4 14. Ne2 Rxf3
15. gxf3 Ng5 16. Kh1 e5 17. dxe5 Nxe5 18. f4 Bg4 19. f3 Bxf3+ 20. Rxf3 Ngxf3
21. fxe5 Qh4 22. Kg2 Rf8 23. h3 Qg5+ 24. Kh1 Qxe5 25. Bxh7+ Kh8 26. Nf4 Qxf4
27. Qc2 Qg3 28. Bf5 Nd4 29. Qc5 Qf3+ 30. Kh2 Qf2+ 31. Kh1 Rxf5 0-1

[Event "Lloyds Bank Masters 18th"]
[Site "London"]
[Date "1994.08.22"]
[Round "3"]
[White "Ferguson, Mark"]
[Black "Stirling, William J"]
[Result "1/2-1/2"]
[WhiteElo "2330"]
[BlackElo "2225"]
[PlyCount "54"]
[EventDate "1994.08.20"]
[EventType "swiss"]
[EventRounds "10"]
[EventCountry "ENG"]
[SourceTitle "BritBase"]

1. e4 c5 2. Nf3 e6 3. d4 cxd4 4. Nxd4 Nf6 5. Nc3 d6 6. g4 Nc6 7. g5 Nd7 8. h4
Nxd4 9. Qxd4 Ne5 10. Be2 Nc6 11. Qd3 Be7 12. Be3 O-O 13. O-O-O a6 14. Rdg1 b5
15. h5 b4 16. Nd1 a5 17. f4 d5 18. exd5 Ba6 19. Qd2 Bxe2 20. Qxe2 Qxd5 21. Kb1
Rac8 22. Nf2 Nd4 23. Bxd4 Qxd4 24. Ne4 Rc7 25. Rd1 Qc4 26. Rhe1 Rfc8 27. Rd2
Qxe2 1/2-1/2

[Event "Lloyds Bank Masters 18th"]
[Site "London"]
[Date "1994.08.22"]
[Round "3"]
[White "Garcia, Gildardo"]
[Black "Turner, Matthew"]
[Result "0-1"]
[WhiteElo "2540"]
[BlackElo "2395"]
[PlyCount "94"]
[EventDate "1994.08.20"]
[EventType "swiss"]
[EventRounds "10"]
[EventCountry "ENG"]
[SourceTitle "BritBase"]

1. e4 c5 2. Nf3 Nc6 3. d4 cxd4 4. Nxd4 g6 5. Nc3 Bg7 6. Be3 Nf6 7. Bc4 O-O 8.
Bb3 a5 9. O-O a4 10. Nxa4 Nxe4 11. Nxc6 bxc6 12. Nb6 Rb8 13. Nxc8 Qxc8 14. f3
Nf6 15. Re1 d6 16. a4 c5 17. a5 c4 18. Ba4 Qa6 19. Bb6 Rxb6 20. axb6 Qxb6+ 21.
Kh1 Qxb2 22. Rb1 Qa3 23. Bb5 d5 24. Qd4 Qd6 25. Rbd1 Rb8 26. Rb1 Ne4 27. Qa7
Nc3 28. Rxe7 Nxb5 29. Qe3 Bf8 30. Re5 Na3 31. Rxb8 Qxb8 32. Rxd5 Qb1+ 33. Qg1
Qxg1+ 34. Kxg1 Nxc2 35. Rd8 Kg7 36. Rc8 Na3 37. Kf1 Bb4 38. Ke2 c3 39. Kd1 c2+
40. Kc1 Bd6 41. g3 Kf6 42. Re8 h5 43. Re4 g5 44. Ra4 Bc5 45. Re4 Kf5 46. Re8 h4
47. Kb2 Be3 0-1

[Event "Lloyds Bank Masters 18th"]
[Site "London"]
[Date "1994.08.22"]
[Round "3"]
[White "Ghosh, Ananda K"]
[Black "Britton, Richard"]
[Result "0-1"]
[WhiteElo "2205"]
[BlackElo "2295"]
[PlyCount "40"]
[EventDate "1994.08.20"]
[EventType "swiss"]
[EventRounds "10"]
[EventCountry "ENG"]
[SourceTitle "BritBase"]

1. e4 c5 2. f4 d5 3. exd5 Nf6 4. c4 e6 5. dxe6 Bxe6 6. Nf3 Nc6 7. Be2 Be7 8.
O-O O-O 9. d3 Qd7 10. Nc3 Rad8 11. Kh1 Qc7 12. a3 Bxc4 13. Qc2 Ba6 14. Ne4 Nd5
15. Ne1 Nd4 16. Qd1 Rfe8 17. Nc3 Bf6 18. Nxd5 Rxd5 19. Bf3 Rd7 20. Be4 Rxe4 0-1

[Event "Lloyds Bank Masters 18th"]
[Site "London"]
[Date "1994.08.22"]
[Round "3"]
[White "Gufeld, Eduard"]
[Black "Pert, Nicholas"]
[Result "1/2-1/2"]
[WhiteElo "2440"]
[BlackElo "2105"]
[PlyCount "134"]
[EventDate "1994.08.20"]
[EventType "swiss"]
[EventRounds "10"]
[EventCountry "ENG"]
[SourceTitle "BritBase"]

1. e4 e6 2. d4 d5 3. Nd2 Nf6 4. e5 Nfd7 5. Bd3 c5 6. c3 Nc6 7. Ne2 cxd4 8. cxd4
Qb6 9. Nf3 f6 10. exf6 Nxf6 11. O-O Bd6 12. Nc3 O-O 13. Re1 Bd7 14. a3 Rae8 15.
Be3 Qd8 16. Bg5 Qb8 17. Nb5 Bf4 18. Bxf4 Qxf4 19. Rc1 e5 20. dxe5 Nxe5 21. Rxe5
Rxe5 22. g3 Rg5 23. Nxg5 Qxg5 24. f4 Qh6 25. Be2 g5 26. Qd2 gxf4 27. Rf1 Ng4
28. Bxg4 Bxg4 29. Rxf4 Rxf4 30. Qxf4 Qxf4 31. gxf4 a6 32. Nd4 Kf7 33. Kf2 Ke7
34. b4 Bd1 35. Ke3 Kf6 36. Kd2 Ba4 37. Ke2 Be8 38. Ke3 Ba4 39. Ne2 Kf5 40. h3
Bd7 41. Ng3+ Kf6 42. h4 b6 43. Kd4 Bc6 44. Kc3 Ba4 45. Kd3 Bb5+ 46. Kd4 Bc6 47.
Kd3 Bb5+ 48. Kc3 Ba4 49. Kd2 Bb5 50. Ke3 Bd7 51. Ne2 Kf5 52. Kf3 Ba4 53. Nd4+
Kf6 54. Ke2 Bd7 55. Ke3 Kg6 56. Kf3 Kf6 57. Ke2 Kg6 58. Kf3 Kf6 59. Nc2 Bc6 60.
Ke3 Ba4 61. Nd4 Bd7 62. Kf3 Ba4 63. Kg4 Bd1+ 64. Kg3 Ba4 65. Kf2 Bd7 66. Ke2
Kg6 67. Kf3 Kf6 1/2-1/2